000 01409cam a2200361 a 4500
999 _c2453
_d2453
001 15474753
003 GZU
005 20201030111822.0
008 081003s2010 caua b 001 0 eng
010 _a 2008938810
020 _a9780495603252
020 _a139780495804857
040 _aDLC
_cDLC
_dDLC
050 0 0 _aHM 251 BER 2010
100 1 _aBerns, Roberta.
245 1 0 _aChild, family, school, community :
_bsocialization and support /
_cRoberta M. Berns.
250 _a8th ed.
260 _aBelmont, CA :
_bWadsworth/Cengage Learning,
_cc2010.
300 _axvii, 546 p. :
_bill. (some col.) ;
_c27 cm.
504 _aIncludes bibliographical references (p. 494-532) and index.
650 0 _aChild development.
650 0 _aSocial change.
650 0 _aSocialization.
650 0 _aFamilies.
650 0 _aCommunity life.
856 4 2 _3Contributor biographical information
_uhttp://www.loc.gov/catdir/enhancements/fy1104/2008938810-b.html
856 4 2 _3Publisher description
_uhttp://www.loc.gov/catdir/enhancements/fy1104/2008938810-d.html
856 4 1 _3Table of contents only
_uhttp://www.loc.gov/catdir/enhancements/fy1104/2008938810-t.html
906 _a7
_bcbc
_corigcop
_d3
_eepcn
_f20
_gy-gencatlg
942 _2lcc
_cBK
_e8TH
_h251
_iBER
_kHM